书目信息 |
| 题名: |
联合的逻辑
|
|
| 作者: | 谭智心 著 | |
| 分册: | ||
| 出版信息: | 北京 人民日报出版社 2018 |
|
| 页数: | 226页 | |
| 开本: | 24cm | |
| 丛书名: | 人民日报学术文库 | |
| 单 册: | ||
| 中图分类: | F321.42 | |
| 科图分类: | ||
| 主题词: | 农业合作社--研究--中国 | |
| 电子资源: | ||
| ISBN: | 978-7-5115-5134-4 | |
| 000 | 01061oam2 2200265 450 | |
| 001 | 012001002798 | |
| 005 | 20140926114739.0 | |
| 010 | @a978-7-5115-5134-4@b精装@dCNY68.00 | |
| 100 | @a20180714d2018 em y0chiy50 ea | |
| 101 | 0 | @achi |
| 102 | @aCN@b110000 | |
| 105 | @ay z 000yy | |
| 106 | @ar | |
| 200 | 1 | @a联合的逻辑@9lian he de luo ji@e农民合作社联合社运行机制研究@f谭智心著 |
| 210 | @a北京@c人民日报出版社@d2018 | |
| 215 | @a226页@d24cm | |
| 225 | 1 | @a人民日报学术文库 |
| 330 | @a本书从我国农民合作社联合社的运行实践出发,分析总结目前我国农民合作社联合社的不同契约类型,以及联合社的产生原因、产权安排、内部治理、运行机制、绩效评价、国外借鉴等,为我国相关部门研究制定关于农民合作社联合社的法律修订及政策建议提供研究参考。 | |
| 461 | 0 | @12001 @a人民日报学术文库 |
| 517 | 1 | @a农民合作社联合社运行机制研究@9nong min he zuo she lian he she yun xing ji zhi yan jiu |
| 606 | 0 | @a农业合作社@x研究@y中国 |
| 690 | @aF321.42@v5 | |
| 701 | 0 | @a谭智心@9tan zhi xin@f(1982-)@4著 |
| 801 | 0 | @aCN@b上海新华@c20180901 |
| 905 | @b1153523-7@dF321.42@e186@f5 | |
| 联合的逻辑:农民合作社联合社运行机制研究/谭智心著.-北京:人民日报出版社,2018 |
| 226页;24cm.-(人民日报学术文库) |
| ISBN 978-7-5115-5134-4(精装):CNY68.00 |
| 本书从我国农民合作社联合社的运行实践出发,分析总结目前我国农民合作社联合社的不同契约类型,以及联合社的产生原因、产权安排、内部治理、运行机制、绩效评价、国外借鉴等,为我国相关部门研究制定关于农民合作社联合社的法律修订及政策建议提供研究参考。 |
| ● |
| 相关链接 |
|
|
|
|
正题名:联合的逻辑
索取号:F321.42/186
 
预约/预借
| 序号 | 登录号 | 条形码 | 馆藏地/架位号 | 状态 | 备注 |
| 1 | 1153523 | 211535230 | 第一样本阅览室/ [索取号:F321.42/186] | 在馆 | |
| 2 | 1153524 | 211535249 | 第一借阅区/ [索取号:F321.42/186] | 在馆 | |
| 3 | 1153525 | 211535258 | 第一借阅区/ [索取号:F321.42/186] | 在馆 | |
| 4 | 1153526 | 211535267 | 第一借阅区/ [索取号:F321.42/186] | 在馆 | |
| 5 | 1153527 | 211535276 | 经管系资料室/ [索取号:F321.42/186] | 在馆 |